Even more true stories : (Record no. 200000311)
[ view plain ]
| 000 -LEADER | |
|---|---|
| fixed length control field | 00935 a2200289 4500 |
| 001 - CONTROL NUMBER | |
| control field | 200000311 |
| 003 - CONTROL NUMBER IDENTIFIER | |
| control field | TR-AnTOB |
| 005 - DATE AND TIME OF LATEST TRANSACTION | |
| control field | 20230829143102.0 |
| 008 - FIXED-LENGTH DATA ELEMENTS--GENERAL INFORMATION | |
| fixed length control field | 001025s2000 nyuac 000 0 eng d |
| 010 ## - LIBRARY OF CONGRESS CONTROL NUMBER | |
| LC control number | 99-87785 |
| 015 ## - NATIONAL BIBLIOGRAPHY NUMBER | |
| National bibliography number | GB A0-67135 |
| 020 ## - INTERNATIONAL STANDARD BOOK NUMBER | |
| International Standard Book Number | 0201346729 |
| 035 ## - SYSTEM CONTROL NUMBER | |
| System control number | BNB2615.787 |
| 040 ## - CATALOGING SOURCE | |
| Original cataloging agency | DLC |
| Transcribing agency | DLC |
| 041 ## - LANGUAGE CODE | |
| Language code of text/sound track or separate title | Türkçe |
| 100 #1 - MAIN ENTRY--PERSONAL NAME | |
| Personal name | Heyer, Sandra |
| 9 (RLIN) | 67904 |
| 245 #0 - TITLE STATEMENT | |
| Title | Even more true stories : |
| Remainder of title | an intermediate reader / |
| Statement of responsibility, etc. | by Sandra Heyer. |
| 250 ## - EDITION STATEMENT | |
| Edition statement | 2nd ed. |
| 264 #1 - PRODUCTION, PUBLICATION, DISTRIBUTION, MANUFACTURE, AND COPYRIGHT NOTICE | |
| Place of production, publication, distribution, manufacture | White Plains, N.Y. ; |
| -- | [Great Brtain] : |
| Name of producer, publisher, distributor, manufacturer | Longman, |
| Date of production, publication, distribution, manufacture, or copyright notice | 2000. |
| 300 ## - PHYSICAL DESCRIPTION | |
| Extent | 126 p. : |
| Other physical details | ill., port. ; |
| Dimensions | 26 cm. |
| 500 ## - GENERAL NOTE | |
| General note | Previous ed.: 1992. |
| 650 #0 - SUBJECT ADDED ENTRY--TOPICAL TERM | |
| Topical term or geographic name entry element | Readers |
| 9 (RLIN) | 67599 |
| Topical term or geographic name entry element | English language |
| Form subdivision | Textbooks for foreign speakers |
| General subdivision | Textbooks for foreign speakers |
| 9 (RLIN) | 67636 |
| 852 ## - LOCATION | |
| -- | In place |
| -- | N13144865 |
| -- | 18168272 |
| 942 ## - ADDED ENTRY ELEMENTS (KOHA) | |
| Koha item type | Book |
No items available.
